Most Populated Subdivisions of Developed Countries - Statistics

General Stats
  • This quiz has been taken 102 times
  • The average score is 58 of 98
Answer Stats
Region Subdivision Population % Correct
North America New York 20.3 mil
96%
North America California 40.2 mil
92%
North America Texas 30.9 mil
92%
North Europe England 57.1 mil
90%
North America Florida 22.9 mil
90%
North America Ontario 15.1 mil
84%
North America Quebec 8.60 mil
84%
North America Pennsylvania 13.4 mil
82%
North Europe Scotland 5.54 mil
82%
North America Washington 8.02 mil
81%
North America North Carolina 11.0 mil
80%
North America Ohio 12.1 mil
80%
North America Arizona 7.58 mil
78%
North America Georgia 11.2 mil
78%
North America Illinois 13.0 mil
78%
North Europe Wales 3.14 mil
78%
West Europe Bavaria 13.2 mil
76%
North America South Carolina 5.44 mil
76%
North America Michigan 10.3 mil
75%
North America Virginia 8.94 mil
75%
North America Massachusetts 7.19 mil
73%
Australia New South Wales 8.28 mil
73%
North America Oregon 4.37 mil
73%
East Asia Tokyo 13.5 mil
73%
South Europe Catalonia 7.77 mil
72%
West Europe Île-de-France 12.8 mil
72%
North America Indiana 7.04 mil
72%
South Europe Madrid 6.73 mil
72%
North America Nevada 3.27 mil
72%
North America British Columbia 5.29 mil
71%
North America Colorado 6.02 mil
71%
North America Tennessee 7.26 mil
71%
North America Alabama 5.23 mil
70%
North America Louisiana 4.73 mil
70%
North America New Jersey 9.54 mil
70%
North America Wisconsin 6.07 mil
70%
North America Kentucky 4.65 mil
68%
North America Minnesota 5.89 mil
68%
Australia Queensland 5.41 mil
68%
Australia Western Australia 2.83 mil
68%
North America Alberta 4.55 mil
67%
West Europe North Rhine-Westphalia 17.9 mil
67%
South Europe Sicily 4.81 mil
67%
North America Oklahoma 4.14 mil
66%
East Asia Osaka 8.54 mil
66%
Australia Victoria 6.73 mil
66%
North America Connecticut 3.74 mil
65%
South Europe Lombardy 9.96 mil
65%
North America Mississippi 3.03 mil
65%
East Asia Seoul 9.58 mil
65%
North America Kansas 3.03 mil
63%
North America Maryland 6.35 mil
63%
North America Missouri 6.36 mil
63%
West Europe Berlin 3.68 mil
61%
South Europe Andalusia 8.48 mil
59%
North America Utah 3.48 mil
59%
North America Arkansas 3.14 mil
58%
West Europe Baden-Württemberg 11.1 mil
58%
North America Iowa 3.30 mil
57%
West Europe Saxony 4.05 mil
57%
West Europe Brittany 3.30 mil
56%
South Europe Lazio 5.71 mil
54%
West Europe Normandy 3.27 mil
54%
South Europe Tuscany 3.65 mil
54%
West Europe Provence-Alpes-Côte d'Azur 5.00 mil
52%
West Europe Rhineland-Palatinate 4.11 mil
52%
West Europe Lower Saxony 8.03 mil
51%
East Asia Busan 3.35 mil
49%
West Europe Hesse 6.30 mil
48%
South Europe Valencia 5.08 mil
48%
West Europe Flanders 6.76 mil
47%
West Europe Occitanie 5.84 mil
47%
South Europe Emilia-Romagna 4.43 mil
46%
South Europe Veneto 4.84 mil
46%
West Europe Grand Est 5.47 mil
44%
East Asia Hokkaido 5.06 mil
44%
South Europe Campania 5.60 mil
43%
West Europe Wallonia 3.69 mil
43%
West Europe Auvergne-Rhône-Alpes 7.92 mil
42%
Middle East Dubai 3.65 mil
42%
West Europe Nouvelle-Aquitaine 5.92 mil
42%
Middle East Abu Dhabi 3.03 mil
39%
East Asia Fukuoka 4.99 mil
37%
South Europe Piedmont 4.24 mil
37%
West Europe Hauts-de-France 5.91 mil
35%
West Europe Pays de la Loire 3.75 mil
34%
West Europe Schleswig-Holstein 2.92 mil
34%
South Europe Apulia 3.90 mil
32%
Caribbean Puerto Rico 3.32 mil
30%
East Asia Chiba 6.07 mil
29%
East Asia Incheon 2.94 mil
29%
East Asia Saitama 7.10 mil
27%
East Asia Aichi 7.31 mil
20%
East Asia Kanagawa 8.89 mil
20%
East Asia Gyeonggi 13.5 mil
16%
East Asia Shizuoka 3.54 mil
15%
East Asia Hyōgo 5.29 mil
14%
East Asia South Gyeongsang 3.33 mil
8%
No matching quizzes found
Score Distribution
Percent of People with Each Score
Percentile by Number Answered
Your Score History
You have not taken this quiz